15 F1 drivers after emoji #1 - Statistics

General Stats
  • This quiz has been taken 106 times
  • The average score is 9 of 15
Answer Stats
Emoji Odpowiedź % Correct
🐻👨 Bearman
95%
🤖🍑 Bottas
88%
Ⓜ️🪓 Verstappen
77%
🍖🤢🏋️ Hamilton
76%
🛬🅾️ Norris
76%
🚶🏻🇨🇦 Stroll
73%
🍝🌳 Piastri
70%
⛽️🔟 Gasly
68%
🇮🇹👶 Antonelli
59%
🆗🔛 Ocon
58%
🧑‍⚖️☀️ Lawson
56%
☑️⭕️ Perez
42%
☀️🅾️2️⃣2️⃣ Tsunoda
42%
3️⃣🤣 Ricciardo
33%
🇵🇱👨‍🦲 Kubica
27%
No matching quizzes found
Score Distribution
Percent of People with Each Score
Percentile by Number Answered
Your Score History
You have not taken this quiz